Capitals of Canada - Statistics

General Stats
  • This quiz has been taken 10 times
  • The average score is 11 of 13
Answer Stats
Province/Territory Capital % Correct
Alberta Edmonton
100%
Quebec Quebec City
100%
Ontario Toronto
100%
Manitoba Winnipeg
100%
Northwest Territories Yellowknife
100%
Saskatchewan Regina
88%
Yukon Whitehorse
88%
Nova Scotia Halifax
75%
Newfoundland and Labrador St. John's
75%
British Columbia Victoria
75%
Prince Edward Island Charlottetown
63%
Nunavut Iqaluit
63%
New Brunswick Fredericton
50%
No matching quizzes found
Score Distribution
Percent of People with Each Score
Percentile by Number Answered
Your Score History
You have not taken this quiz